Music Quiz

Random Music or Song Quiz

Guess the song lyrics Quiz Stats

 Plays Quiz not verified by Sporcle

Support Sporcle.
Go Orange.
Score 0/89 Timer 06:00
0 Plays Today
Hint Answer % Correct
and
87.5%
and
87.5%
the
87.5%
and
87.5%
and
87.5%
the
87.5%
you
87.5%
you
87.5%
you
87.5%
to
77.1%
it
75%
in
66.7%
my
66.7%
my
66.7%
what
64.6%
what
64.6%
what
64.6%
What
64.6%
what
64.6%
What
64.6%
What
64.6%
if
60.4%
if
60.4%
if
60.4%
if
60.4%
you're
56.3%
no
56.3%
not
50%
it's
50%
not
50%
Hint Answer % Correct
I'm
47.9%
can't
47.9%
i'm
47.9%
I'm
47.9%
I'm
47.9%
I'm
47.9%
I'm
47.9%
I'm
47.9%
I'm
47.9%
I'm
47.9%
I'm
47.9%
I'm
47.9%
am
41.7%
one
39.6%
but
39.6%
here
37.5%
I
37.5%
I
37.5%
I
37.5%
I
37.5%
I
37.5%
don't
37.5%
want
37.5%
there's
27.1%
now?
27.1%
now?
27.1%
down?
27.1%
wont
25%
around?
20.8%
Out?
20.8%
Hint Answer % Correct
talk
20.8%
about?
20.8%
said
18.8%
take
16.7%
bed
12.5%
back
10.4%
someone
10.4%
someone
10.4%
again
8.3%
again
8.3%
again
8.3%
again
8.3%
left
6.3%
hands
4.2%
meant
4.2%
blame
2.1%
forget
2.1%
drink
0%
wandering
0%
can'tI
0%
unpack
0%
baggage
0%
amwhat
0%
fallin'
0%
fallin'
0%
fallin'
0%
fallin'
0%
fallin'
0%
fallin'
0%

You're not logged in!

Compare scores with friends on all Sporcle quizzes.
OR
Log In

From the Vault

5-Letter Movie Titles

by livfred

This quiz is a lot easier than the 16 Letter Movie Title version
Remove Ads.
Support Sporcle.
Get the best of Sporcle when you Go Orange. This ad-free experience offers more features, more stats, and more fun while also helping to support Sporcle. Thank you for becoming a member.

Show Comments

Extras

Created Feb 22, 2020ReportNominate
Tags:Song Quiz

Top Quizzes Today


Score Distribution

Your Account Isn't Verified!

In order to create a playlist on Sporcle, you need to verify the email address you used during registration. Go to your Sporcle Settings to finish the process.

Report this User

Report this user for behavior that violates our Community Guidelines.

Details: